000
00306nam a22001337a 4500
008
170831b xxu||||| |||| 00| 0 eng d
020
_a
9780195169997
041
_a
eng
080
_2
8 ED
_a
070
100
_a
40
101
_a
MED
245
_a
REPORTING FOR THE MEDIA
_c
FEDLER.F
942
_2
udc
_c
BK
999
_c
25703
_d
25703